[Event "AUT-ch Vor2 Internet"]
[Site "Playchess.com INT"]
[Date "2020.04.13"]
[Round "9"]
[White "Belke, Frank"]
[Black "Knoll, Martin"]
[Result "0-1"]
[WhiteElo "2273"]
[BlackElo "2018"]
[PlyCount "120"]
[EventDate "2020.04.13"]
[EventType "swiss (blitz)"]
[EventRounds "9"]
[EventCountry "AUT"]
[SourceTitle "CBM 195 Extra"]
[Source "ChessBase"]
[SourceDate "2020.05.31"]
[SourceVersion "1"]
[SourceVersionDate "2020.05.31"]
[SourceQuality "1"]

1. d4 f5 2. Nc3 Nf6 3. Bg5 g6 4. h4 Bg7 5. e4 fxe4 6. h5 Nxh5 7. Rxh5 gxh5 8. Qxh5+ Kf8 9. 0-0-0 Qe8 10. Qh4 c6 11. Nxe4 d5 12. Ng3 Nd7 13. Nf5 Nf6 14. Nxg7 Kxg7 15. Bd3 h6 16. Bf4 Qh5 17. Qg3+ Qg4 18. Qh2 Bf5 19. f3 Qg6 20. Bxf5 Qxf5 21. g4 Qg6 22. Be5 Kf7 23. Ne2 h5 24. Qf4 hxg4 25. Rg1 Qh6 26. fxg4 Qxf4+ 27. Nxf4 Ne4 28. Bxh8 Rxh8 29. g5 Rg8 30. g6+ Kf6 31. Nh5+ Kf5 32. g7 Ng5 33. Kd1 Kg6 34. Nf4+ Kf5 35. Nh5 Ne6 36. c3 Ng5 37. Ke2 Kg6 38. Nf4+ Kf5 39. Nh5 Ne4 40. Ke3 e5 41. dxe5 Kxe5 42. Ng3 Rxg7 43. Nxe4 Rxg1 44. Nd2 Rc1 45. Kd3 Rh1 46. Kc2 Rh2 47. Kd3 Kd6 48. b4 b6 49. a4 c5 50. b5 Rxd2+ 51. Kxd2 Ke5 52. Kd3 d4 53. cxd4+ cxd4 54. Kd2 Kd5 55. Kd3 Kc5 56. Kd2 Kc4 57. Kc2 Kb4 58. Kd3 Kxa4 59. Kc4 d3 60. Kxd3 Kxb5 0-1

[Event "AUT-ch Vor2 Internet"]
[Site "Playchess.com INT"]
[Date "2020.04.13"]
[Round "2"]
[White "Ragger, Markus"]
[Black "Knoll, Martin"]
[Result "1-0"]
[WhiteElo "2679"]
[BlackElo "2018"]
[PlyCount "65"]
[EventDate "2020.04.13"]
[EventType "swiss (blitz)"]
[EventRounds "9"]
[EventCountry "AUT"]
[SourceTitle "CBM 195 Extra"]
[Source "ChessBase"]
[SourceDate "2020.05.31"]
[SourceVersion "1"]
[SourceVersionDate "2020.05.31"]
[SourceQuality "1"]

1. e4 c6 2. Nf3 d5 3. Nc3 dxe4 4. Nxe4 Nf6 5. Qe2 Bf5 6. d3 e6 7. g3 Be7 8. Bg2 0-0 9. 0-0 Nbd7 10. Rd1 Qa5 11. Bd2 Qb6 12. Rab1 Rad8 13. Qe1 Qc7 14. Bf4 Qb6 15. Nd6 Bg6 16. Nc4 Qc5 17. Be3 Qh5 18. Bxa7 Ra8 19. Bd4 Rxa2 20. h3 Rfa8 21. Nce5 Nxe5 22. Nxe5 Nd5 23. c4 Nb4 24. Bc3 Na6 25. g4 Qg5 26. Bd2 Qh4 27. Nf3 Qf6 28. Bg5 Qxg5 29. Nxg5 Bxg5 30. b4 Nc7 31. b5 Rc2 32. bxc6 bxc6 33. Bxc6 1-0

[Event "Steyr Landesliga 1314"]
[Site "Austria"]
[Date "2014.04.12"]
[Round "11.6"]
[White "Flitsch, Guenther"]
[Black "Knoll, Martin"]
[Result "1/2-1/2"]
[WhiteElo "1919"]
[BlackElo "2084"]
[PlyCount "20"]
[EventDate "2013.09.28"]
[EventType "team-tourn"]
[EventRounds "11"]
[EventCountry "AUT"]
[SourceTitle "EXT 2015"]
[Source "ChessBase"]
[SourceDate "2014.11.20"]
[SourceVersion "1"]
[SourceVersionDate "2014.11.20"]
[SourceQuality "1"]
[WhiteTeam "Graz Austria"]
[BlackTeam "Gleisdorf"]
[WhiteTeamCountry "AUT"]
[BlackTeamCountry "AUT"]

1. c4 e5 2. g3 f5 3. d4 e4 4. Nh3 Nf6 5. Nc3 Bb4 6. Bd2 0-0 7. Nxe4 fxe4 8. Bxb4 d6 9. Bg2 Nc6 10. Bc3 Qe8 1/2-1/2

[Event "AUT-chT2M 1314"]
[Site "Austria"]
[Date "2014.04.06"]
[Round "11.5"]
[White "Halvax, Georg"]
[Black "Knoll, Martin"]
[Result "1-0"]
[WhiteElo "2326"]
[BlackElo "2084"]
[PlyCount "51"]
[EventDate "2013.10.04"]
[EventType "team-tourn"]
[EventRounds "11"]
[EventCountry "AUT"]
[SourceTitle "EXT 2015"]
[Source "ChessBase"]
[SourceDate "2014.11.20"]
[SourceVersion "1"]
[SourceVersionDate "2014.11.20"]
[SourceQuality "1"]
[WhiteTeam "Maria Saal II"]
[BlackTeam "Gleisdorf"]
[WhiteTeamCountry "AUT"]
[BlackTeamCountry "AUT"]

1. e4 c6 2. d4 d5 3. e5 Bf5 4. h4 h5 5. Bg5 Qb6 6. Bd3 Bxd3 7. Qxd3 Qxb2 8. e6 Na6 9. exf7+ Kxf7 10. Nf3 Nh6 11. Ne5+ Kg8 12. c3 Qxa1 13. Qc2 Nb4 14. Qg6 Qxa2 15. cxb4 Qb3 16. 0-0 Qxb4 17. Qe6+ Kh7 18. Bxh6 Qd6 19. Qh3 Qxh6 20. Re1 Qf6 21. Re3 b6 22. Rf3 Qd6 23. Nf7 Qb8 24. Ng5+ Kh6 25. Rf7 e5 26. Qe6+ 1-0

[Event "AUT-chT2M 1314"]
[Site "Austria"]
[Date "2014.04.04"]
[Round "9.5"]
[White "Lentrodt, Thomas"]
[Black "Knoll, Martin"]
[Result "1/2-1/2"]
[WhiteElo "2252"]
[BlackElo "2084"]
[PlyCount "60"]
[EventDate "2013.10.04"]
[EventType "team-tourn"]
[EventRounds "11"]
[EventCountry "AUT"]
[SourceTitle "EXT 2015"]
[Source "ChessBase"]
[SourceDate "2014.11.20"]
[SourceVersion "1"]
[SourceVersionDate "2014.11.20"]
[SourceQuality "1"]
[WhiteTeam "Grieskirchen/Sedda"]
[BlackTeam "Gleisdorf"]
[WhiteTeamCountry "AUT"]
[BlackTeamCountry "AUT"]

1. d4 f5 2. e4 fxe4 3. Nc3 Nf6 4. Bg5 c6 5. Bxf6 exf6 6. Nxe4 d5 7. Ng3 Bd6 8. Bd3 Qe7+ 9. N1e2 0-0 10. 0-0 f5 11. Re1 Qh4 12. Nf1 f4 13. f3 Qg5 14. Kh1 Nd7 15. c4 Nf6 16. Nc3 dxc4 17. Bxc4+ Kh8 18. Qb3 Bf5 19. Be6 Bd3 20. Rad1 Bxf1 21. Rxf1 Rae8 22. Rfe1 Re7 23. Ne4 Nxe4 24. Rxe4 Qh4 25. Qc2 Rfe8 26. Bf5 g6 27. Rxe7 Qxe7 28. Be4 Qf6 29. h3 Rd8 30. Qb3 Qe7 1/2-1/2

[Event "Lienz op 17th"]
[Site "Lienz"]
[Date "2013.02.11"]
[Round "4"]
[White "Knoll, Martin"]
[Black "Bolkeny, Gabor"]
[Result "1-0"]
[WhiteElo "2081"]
[BlackElo "1919"]
[PlyCount "95"]
[EventDate "2013.02.09"]
[EventType "swiss"]
[EventRounds "9"]
[EventCountry "AUT"]
[SourceTitle "CBM 152 Extra"]
[Source "ChessBase"]
[SourceDate "2013.02.25"]
[SourceVersion "1"]
[SourceVersionDate "2013.02.25"]
[SourceQuality "1"]

1. d4 Nf6 2. Nc3 d5 3. Bg5 Bf5 4. Nf3 e6 5. e3 Nbd7 6. Bd3 Bg6 7. Ne2 Be7 8. Ng3 Ne4 9. Bxe7 Qxe7 10. c3 Ndf6 11. Ne5 Nd6 12. 0-0 Bxd3 13. Nxd3 Nfe4 14. Nxe4 Nxe4 15. Ne5 0-0 16. f4 Nd6 17. Rf3 f6 18. Nd3 Nf5 19. Rh3 Qf7 20. Qe2 Rfe8 21. Kh1 b6 22. Rg1 c5 23. g4 Nd6 24. g5 c4 25. Ne1 Nf5 26. gxf6 g6 27. Nf3 Qxf6 28. Ne5 Re7 29. Rh5 Rg7 30. Rhg5 a5 31. Ng4 Qe7 32. Ne5 Qf6 33. a3 Raa7 34. e4 Nd6 35. exd5 exd5 36. Qf3 Ne4 37. Ng4 Qf8 38. Rxd5 Nd2 39. Qg2 Qa8 40. Re1 Rge7 41. Rde5 Rxe5 42. Qxa8+ Rxa8 43. fxe5 Nf3 44. Rf1 Nh4 45. Ne3 b5 46. d5 Rf8 47. Rxf8+ Kxf8 48. a4 1-0

[Event "Leitersdorf Region-ch"]
[Site "Leitersdorf"]
[Date "2012.01.05"]
[Round "3"]
[White "Knoll, Martin"]
[Black "Matosec, Thomas"]
[Result "1-0"]
[WhiteElo "2027"]
[BlackElo "2070"]
[PlyCount "103"]
[EventDate "2012.01.03"]
[EventType "swiss"]
[EventRounds "5"]
[EventCountry "AUT"]
[SourceTitle "EXT 2013"]
[Source "ChessBase"]
[SourceDate "2012.11.22"]
[SourceVersion "1"]
[SourceVersionDate "2012.11.22"]
[SourceQuality "1"]

1. d4 e6 2. e4 d5 3. Nc3 Bb4 4. e5 Ne7 5. f4 c5 6. a3 Bxc3+ 7. bxc3 Qa5 8. Bd2 Qa4 9. Nf3 b6 10. Bd3 Ba6 11. 0-0 Bxd3 12. cxd3 Qxd1 13. Rfxd1 Nbc6 14. dxc5 bxc5 15. Rab1 0-0 16. Rb5 c4 17. dxc4 dxc4 18. Rc5 Rfd8 19. Rb1 Rd3 20. Rxc4 Rad8 21. Be1 Na5 22. Rd4 Nec6 23. Rxd8+ Rxd8 24. Nd4 Rb8 25. Rxb8+ Nxb8 26. Nb5 Nbc6 27. Nd6 g5 28. g3 g4 29. Bf2 Nb3 30. Be3 Kg7 31. Kf2 a6 32. Ke2 Ne7 33. c4 Na5 34. Kd3 h5 35. Ne8+ Kg6 36. Nc7 h4 37. gxh4 Kh5 38. Bf2 Ng6 39. Ke4 Nxc4 40. a4 a5 41. Ne8 Nd2+ 42. Kd3 Nf3 43. Nf6+ Kh6 44. Nxg4+ Kg7 45. h5 Ngh4 46. Bxh4 Nxh4 47. Kc4 Ng2 48. Kb5 Nxf4 49. Kxa5 Nxh5 50. Kb6 f5 51. exf6+ Nxf6 52. Nxf6 1-0

[Event "Leitersdorf Region-ch"]
[Site "Leitersdorf"]
[Date "2012.01.04"]
[Round "2"]
[White "Schnider, Gert"]
[Black "Knoll, Martin"]
[Result "1-0"]
[WhiteElo "2358"]
[BlackElo "2027"]
[PlyCount "45"]
[EventDate "2012.01.03"]
[EventType "swiss"]
[EventRounds "5"]
[EventCountry "AUT"]
[SourceTitle "EXT 2013"]
[Source "ChessBase"]
[SourceDate "2012.11.22"]
[SourceVersion "1"]
[SourceVersionDate "2012.11.22"]
[SourceQuality "1"]

1. d4 c6 2. c4 d6 3. e4 e5 4. Nf3 exd4 5. Nxd4 Nf6 6. Nc3 Bg4 7. Be2 Bxe2 8. Qxe2 Nbd7 9. 0-0 Qc7 10. Bf4 g6 11. Rad1 Nh5 12. Be3 Bg7 13. Nf5 gxf5 14. exf5 0-0-0 15. Qxh5 Bxc3 16. bxc3 Ne5 17. c5 d5 18. Bd4 Rhg8 19. Rfe1 f6 20. Re2 Rxg2+ 21. Kxg2 Qg7+ 22. Kf1 Rg8 23. f4 1-0

[Event "Leitersdorf Region-ch"]
[Site "Leitersdorf"]
[Date "2012.01.03"]
[Round "1"]
[White "Knoll, Martin"]
[Black "Haeusl, Peter"]
[Result "1-0"]
[WhiteElo "2027"]
[BlackElo "1621"]
[PlyCount "37"]
[EventDate "2012.01.03"]
[EventType "swiss"]
[EventRounds "5"]
[EventCountry "AUT"]
[SourceTitle "EXT 2013"]
[Source "ChessBase"]
[SourceDate "2012.11.22"]
[SourceVersion "1"]
[SourceVersionDate "2012.11.22"]
[SourceQuality "1"]

1. d4 d5 2. Nf3 Nf6 3. Bf4 e6 4. c3 Bd6 5. Bg3 0-0 6. e3 Nbd7 7. Bd3 Re8 8. Nbd2 e5 9. dxe5 Nxe5 10. Nxe5 Bxe5 11. Nf3 Bg4 12. Qc2 Bxf3 13. gxf3 c5 14. 0-0-0 Qa5 15. Kb1 c4 16. Bf5 b5 17. f4 Bc7 18. Bh4 Ne4 19. Rxd5 1-0

[Event "AUT-chT2M 1011"]
[Site "Austria"]
[Date "2010.11.27"]
[Round "4"]
[White "Toefferl, Heimo"]
[Black "Knoll, Martin"]
[Result "1-0"]
[WhiteElo "2126"]
[BlackElo "2025"]
[PlyCount "65"]
[EventDate "2010.10.16"]
[EventType "team-tourn"]
[EventRounds "11"]
[EventCountry "AUT"]
[SourceTitle "EXT 2012"]
[Source "ChessBase"]
[SourceDate "2011.11.24"]
[SourceVersion "1"]
[SourceVersionDate "2011.11.24"]
[SourceQuality "1"]
[WhiteTeam "Wolfsberg"]
[BlackTeam "Gleisdorf"]
[WhiteTeamCountry "AUT"]
[BlackTeamCountry "AUT"]

1. d4 d5 2. c4 c6 3. Nc3 Nf6 4. Nf3 g6 5. Bf4 Bg7 6. e3 0-0 7. Rc1 Qa5 8. Qd2 dxc4 9. Bxc4 b5 10. Bb3 Bb7 11. 0-0 Nbd7 12. Nd5 Qd8 13. Nxf6+ Nxf6 14. Rfd1 Rc8 15. Be5 Qb6 16. Qe2 a5 17. e4 a4 18. Bc2 Bh6 19. Rb1 Ng4 20. Bg3 Ba6 21. e5 Bg7 22. Bd3 c5 23. d5 c4 24. Be4 b4 25. Qd2 f5 26. exf6 Nxf6 27. Re1 Nxe4 28. Rxe4 c3 29. bxc3 Bxc3 30. Qd1 Bc4 31. d6 exd6 32. Rxc4 Rce8 33. Rxc3 1-0